<?xml version="1.0" encoding="UTF-8"?>
<record
    xmlns:xsi="http://www.w3.org/2001/XMLSchema-instance"
    xsi:schemaLocation="http://www.loc.gov/MARC21/slim http://www.loc.gov/standards/marcxml/schema/MARC21slim.xsd"
    xmlns="http://www.loc.gov/MARC21/slim">

  <leader>00772nam a22002297a 4500</leader>
  <controlfield tag="003">LK-CoDNM</controlfield>
  <controlfield tag="005">20241015115515.0</controlfield>
  <controlfield tag="008">241015b        |||||||| |||| 00| 0 eng d</controlfield>
  <datafield tag="040" ind1=" " ind2=" ">
    <subfield code="a">LK-CoDNM</subfield>
    <subfield code="d">LK-CoDNM</subfield>
    <subfield code="e">LK-CoDNM</subfield>
  </datafield>
  <datafield tag="041" ind1=" " ind2=" ">
    <subfield code="a">sin</subfield>
  </datafield>
  <datafield tag="080" ind1=" " ind2=" ">
    <subfield code="a">&#xDB4;&#xDCA;&#x200D;&#xDBB;.&#xDB1;</subfield>
    <subfield code="b">24</subfield>
  </datafield>
  <datafield tag="100" ind1=" " ind2=" ">
    <subfield code="a">&#xDA9;&#xDB6;&#xDCA;&#xDBD;&#xDD2;&#xDC0;&#xDCA;. &#xD92;. &#xDC3;&#xDD2;&#xDBD;&#xDCA;&#xDC0;&#xDCF;</subfield>
  </datafield>
  <datafield tag="245" ind1=" " ind2=" ">
    <subfield code="a">&#xDB1;&#xDD4;&#xDC0;&#xDAB;-1940</subfield>
    <subfield code="b">1 &#xD9A;&#xDCF;&#xDAB;&#xDCA;&#xDA9;&#xDBA; 1-4 &#xD9A;&#xDBD;&#xDCF;&#xDB4;&#xDBA;</subfield>
  </datafield>
  <datafield tag="260" ind1=" " ind2=" ">
    <subfield code="a">&#xDC0;&#xDD0;&#xDBD;&#xDCA;&#xDBD;&#xDB8;&#xDCA;&#xDB4;&#xDD2;&#xDA7;&#xDD2;&#xDBA;</subfield>
    <subfield code="b">&#xDB1;&#xDC0; &#xDA2;&#xDD3;&#xDC0;&#xDB1; &#xDB8;&#xDD4;&#xDAF;&#xDCA;&#x200D;&#xDBB;&#xDAB;&#xDCF;&#xDBD;&#xDBA;</subfield>
    <subfield code="c">1940</subfield>
  </datafield>
  <datafield tag="300" ind1=" " ind2=" ">
    <subfield code="b">262p. ; 24 cm</subfield>
  </datafield>
  <datafield tag="650" ind1=" " ind2=" ">
    <subfield code="a">&#xDB1;&#xDD4;&#xDC0;&#xDAB;-1940</subfield>
  </datafield>
  <datafield tag="650" ind1=" " ind2=" ">
    <subfield code="a">1 &#xD9A;&#xDCF;&#xDAB;&#xDCA;&#xDA9;&#xDBA; 1-4 &#xD9A;&#xDBD;&#xDCF;&#xDB4;&#xDBA;</subfield>
  </datafield>
  <datafield tag="650" ind1=" " ind2=" ">
    <subfield code="a">&#xDA9;&#xDB6;&#xDCA;&#xDBD;&#xDD2;&#xDC0;&#xDCA;. &#xD92;. &#xDC3;&#xDD2;&#xDBD;&#xDCA;&#xDC0;&#xDCF;</subfield>
  </datafield>
  <datafield tag="650" ind1=" " ind2=" ">
    <subfield code="a">&#xDB4;&#xDCA;&#x200D;&#xDBB;.&#xDB1; 24</subfield>
  </datafield>
  <datafield tag="650" ind1=" " ind2=" ">
    <subfield code="a">1940</subfield>
  </datafield>
  <datafield tag="942" ind1=" " ind2=" ">
    <subfield code="c">BK</subfield>
  </datafield>
  <datafield tag="952" ind1=" " ind2=" ">
    <subfield code="0">0</subfield>
    <subfield code="1">0</subfield>
    <subfield code="4">1</subfield>
    <subfield code="7">0</subfield>
    <subfield code="8">OBC</subfield>
    <subfield code="a">MAIN</subfield>
    <subfield code="b">MAIN</subfield>
    <subfield code="c">REF</subfield>
    <subfield code="d">2024-10-14</subfield>
    <subfield code="l">0</subfield>
    <subfield code="o">&#xDB4;&#xDCA;&#x200D;&#xDBB;.&#xDB1; 24</subfield>
    <subfield code="p">OJP3512</subfield>
    <subfield code="r">2024-10-15</subfield>
    <subfield code="w">2024-10-15</subfield>
    <subfield code="y">BK</subfield>
  </datafield>
  <datafield tag="999" ind1=" " ind2=" ">
    <subfield code="c">219559</subfield>
    <subfield code="d">219559</subfield>
  </datafield>
</record>
